Supply and demand

Kaydedildi:
Detaylı Bibliyografya
Yazar: Henderson, Hubert (Yazar)
Materyal Türü: Kitap
Dil:İngilizce
Baskı/Yayın Bilgisi: Londres The University of Chicago Press 1958
Seri Bilgileri:<The >Cambridge Economic Handbooks
Konular:
Etiketler: Etiketle
Etiket eklenmemiş, İlk siz ekleyin!

MARC

LEADER 00000nam a2200000 a 4500
001 UCT7500
003 CL-VaPUC
008 970123e19580000UK |||||||||||||||||eng|d
082 0 4 |a 332.401  |b HEN  |2 21 
100 0 |a Henderson, Hubert  |e author  |9 378501 
245 1 0 |a Supply and demand 
300 |a 142 p 
942 |c BK 
945 |d 19970123 00:00:00  |a rbrito 
260 |a Londres  |b The University of Chicago Press  |c 1958 
650 0 |a Oferta y demanda  |9 255571 
650 0 |a Economía   |9 255568 
650 0 |a Trabajo  |9 313876 
650 0 |a Capital   |9 263726 
650 7 |a LEGISLACION  |2 CL-VaPUC  |9 378502 
650 0 |a Precios   |9 260787 
650 0 |a Dinero  |9 314331 
650 7 |a UTILIDADES  |2 CL-VaPUC  |9 378503 
650 0 |a Producción   |9 263680 
650 0 |a Costos   |9 261063 
583 |a last modification  |c 19970123 00:00:00  |k Rodrigo Vera 
490 0 |a <The >Cambridge Economic Handbooks 
999 |c 256114  |d 256112 
952 |0 0  |1 0  |4 0  |6 332_401000000000000_HEN_1958  |7 0  |8 P  |9 278686  |a BIBGIM  |b BIBGIM  |d 2019-11-19  |i 3277569  |o 332.401 HEN 1958  |p 3277569  |r 2025-01-15  |w 2019-11-19  |y BK  |k COM